| 000 | 00508nam a2200181 i 4500 | ||
|---|---|---|---|
| 001 | bg | ||
| 100 | 1 | _aCZARNECKI, Ryszard | |
| 245 | 0 |
_aMaszyny do obróbki plastycznej na zimno : _bćwiczenia laboratoryjne / _cRyszard Czarnecki, Marek Rabenda, Jolanta Włodarska. |
|
| 250 | _aWyd.2. | ||
| 260 |
_aCzęstochowa, _c1975. |
||
| 700 | 1 | _aRABENDA, Marek | |
| 700 | 1 | _aWŁODARSKA, Jolanta | |
| 040 | _cBPK | ||
| 041 | _apol | ||
| 080 | _a621.7 | ||
| 942 | _cKS | ||
| 008 | s pl f |000 0 pol | ||
| 999 |
_c16760 _d16760 |
||
| 856 |
_uhttp://koha.tu.koszalin.pl/cgi-bin/koha/opac-detail.pl?biblionumber=16760 _yKatalog online BPK |
||